La motivación de las decisiones interpretativas electorales /

Estudio que analiza por un lado los presupuestos teóricos de la interpretación y argumentación jurídica y por otro, la práctica jurídica que al respecto ha realizado la Sala Superior del Tribunal Electoral del Poder Judicial en México, entre 1997 y 2008, para fundamentar y motivar sus resoluciones j...

Полное описание

Сохранить в:
Библиографические подробности
Главный автор: Ezquiaga Ganuzas, Francisco Javier (autor)
Формат:
Язык:испанский
Опубликовано: México : Tribunal Electoral del Poder Judicial de la Federación, 2012, c2012
Предметы:
Метки: Добавить метку
Нет меток, Требуется 1-ая метка записи!

MARC

LEADER 00000nam^a2200000^a^4500
001 000336226
005 20250521000000.0
009 20260310114254.828
037 |a Acervo ITESO - Biblioteca 
041 |a ESP 
082 |a 342. 7207  |b EZQ 
100 |a Ezquiaga Ganuzas, Francisco Javier  |e (autor) 
245 1 3 |a La motivación de las decisiones interpretativas electorales /  |c F.J. Ezquiaga Ganuzas. 
264 4 |a México :  |b Tribunal Electoral del Poder Judicial de la Federación,  |c 2012, c2012 
300 |a 429 p. 
336 |a texto  |b txt  |2 rdacontenido 
337 |a sin mediación  |b n  |2 rdamedio 
338 |a volumen  |b nc  |2 rdasoporte 
520 |a Estudio que analiza por un lado los presupuestos teóricos de la interpretación y argumentación jurídica y por otro, la práctica jurídica que al respecto ha realizado la Sala Superior del Tribunal Electoral del Poder Judicial en México, entre 1997 y 2008, para fundamentar y motivar sus resoluciones judiciales. 
649 |a XX 
650 |a Argumentación Jurídica -  |x Tema Principal 
650 |a Resolución Judicial 
650 |a Sentencias 
650 |a Derecho -  |x Interpretación 
650 |a Derecho Procesal Electoral -  |z México 
650 |a Derecho Electoral -  |z México -  |x Tema Principal 
910 |a Fondo General 
920 |a Impresos - Libros 
930 |a Colección General 
905 |a 101 
901 |a 0500226010  |b IT1  |c ACC  |i D61876  |u 20250521 
902 |a https://opac.biblio.iteso.mx/vufind/Record/000336226